LEADER 00449nab a2200133 i 4500 001 000000329711 003 CaOOAMICUS 005 20180831173625.0 008 180831n it uu u0 0ita r 013 $a41391 040 $aSeMil$bita 245 10$aMedie Superiori. - In [rubrica] :$bNotizie dai Seminari. 773 0 $t[MAGGIO 1994]. - 31 p.$gp.14 e-19$w()291527 996 $6245$aMedie Superiori. - In [rubrica] :$bNotizie dai Seminari.$9(OLS)http://semarc/title/418001 LEADER 01684nam a2200301 i 4500 001 000000077250 003 CaOOAMICUS 005 20090703000000.0 008 090703s2001 it u000 u ita u 013 $a48422 020 $a88-213-0480-9 040 $aSeMil$bita 245 10$aEducazione religiosa dei giovani all'alba del terzo millennio :$batti del Convegno di aggiornamento pedagogico organizzato dalla Facoltà di scienze dell'educazione dell'Università pontificia salesiana, Roma, 3-5 gennaio 2001 /$ca cura di Carlo Nanni, Cesare Bissoli. 260 $aRoma :$bLAS,$c2001. 300 $a314 p. ;$c24 cm. 490 0 $aTra cronaca e storia 650 4$aPedagogia cristiana.$0(OLS)http://semarc/subject/3210 650 4$aGiovani - Educazione religiosa - Congressi.$0(OLS)http://semarc/subject/15763 700 1 $aBissoli, Cesare.$0(OLS)http://semarc/name/510 700 1 $aNanni, Carlo.$0(OLS)http://semarc/name/36246 710 2 $aUniversità Pontificia Salesiana : Facoltà di Scienze dell'Educazione.$0(OLS)http://semarc/name/2103 830 0$aTra cronaca e storia.$0(OLS)http://semarc/title/12264 850 $aSeMil 852 $aSeMil$W1$xVenegono$y1$m2Q V 24$j43402$B43402$CSeMilBibl$Z2$F75405 $81 961 $aAcquisto: Mescat 996 $6020$a88-213-0480-9$9(OLS)http://semarc/number/58801 996 $6245$aEducazione religiosa dei giovani all'alba del terzo millennio :$batti del Convegno di aggiornamento pedagogico organizzato dalla Facoltà di scienze dell'educazione dell'Università pontificia salesiana, Roma, 3-5 gennaio 2001$9(OLS)http://semarc/title/125419 996 $6260$aRoma :$bLAS$9(OLS)http://semarc/publisher/29900